RICS accessibility and affordability indices (Record no. 106334)

MARC details
000 -LEADER
fixed length control field 01101cab a2200241 4500
001 - CONTROL NUMBER
control field L136164
008 - FIXED-LENGTH DATA ELEMENTS--GENERAL INFORMATION
fixed length control field 070116e20070111 d f s 000 0 eng u
035 ## - SYSTEM CONTROL NUMBER
System control number (Sirsi) u136164
041 0# - LANGUAGE CODE
Language code of text/sound track or separate title eng
050 04 - LIBRARY OF CONGRESS CALL NUMBER
Classification number 333.33 $2 18
110 2# - MAIN ENTRY--CORPORATE NAME
Corporate name or jurisdiction name as entry element Royal Institution of Chartered Surveyors
Subordinate unit Economics
9 (RLIN) 5033
245 00 - TITLE STATEMENT
Title RICS accessibility and affordability indices
Remainder of title January 2007
-- accessibility worsens for UK home buyers
Medium [electronic resource]
260 ## - PUBLICATION, DISTRIBUTION, ETC.
Place of publication, distribution, etc. RICS
Name of publisher, distributor, etc. London
Date of publication, distribution, etc. 2007
490 #0 - SERIES STATEMENT
Series statement RICS Accessibility and Affordability Indices
Volume/sequential designation January 2007
520 ## - SUMMARY, ETC.
Summary, etc. Details the worsening situation for home buyers in 2007 and beyond, providing statistics which show comparisons with previous years, and giving average costs for a couple wishing to purchase a home as first time buyers.
590 ## - LOCAL NOTE (RLIN)
Local note NTK
650 24 - SUBJECT ADDED ENTRY--TOPICAL TERM
Topical term or geographic name entry element RICS AFFORDABILITY INDEX
650 24 - SUBJECT ADDED ENTRY--TOPICAL TERM
Topical term or geographic name entry element RICS ACCESSIBILITY INDEX
651 #4 - SUBJECT ADDED ENTRY--GEOGRAPHIC NAME
Geographic name United Kingdom
Chronological subdivision
690 ## - LOCAL SUBJECT ADDED ENTRY--TOPICAL TERM (OCLC, RLIN)
Topical term or geographic name as entry element Residential property
9 (RLIN) 6266
856 40 - ELECTRONIC LOCATION AND ACCESS
Uniform Resource Identifier <a href="https://www.rics.org/RICSWEB/getpage.aspx?p=VNiwG3Ly406fJyC9LyH04w">https://www.rics.org/RICSWEB/getpage.aspx?p=VNiwG3Ly406fJyC9LyH04w</a>
Public note View the report free of charge at www.rics.org...
942 ## - ADDED ENTRY ELEMENTS (KOHA)
Suppress in OPAC 0
Holdings
Withdrawn status Lost status Source of classification or shelving scheme Damaged status Not for loan Home library Current library Shelving location Date acquired Total Checkouts Full call number Barcode Date last seen Copy number Price effective from Koha item type
    Dewey Decimal Classification     Virtual Virtual Online 16/01/2007   ONLINE PUBLICATION 136164-1001 06/08/2019 1 06/08/2019 Journal article